000 01082nam a2200277Ia 4500
001 21705
005 20260420113517.0
008 260320s9999||||xx |||||||||||||| ||und||
020 _a9789564076010
041 _aESP
082 _a343
_bS29
100 _aSchmitt, Carl,
_eAUT
245 0 _aTeoría de la constitución
250 _aPrimera edición
260 _aSantiago :
_bEdiciones Olejnik,
_c2025
300 _a415 páginas :
_c24 cm.
440 _a(Biblioteca de derecho constitucional)
650 _aCIS
653 _aDerecho constitucional
654 _aCDE
700 _aAgurto Gonzáles, Carlos Antonio; Quequejana Mamani, Sonia Lidia; Choque Cuenca, Benigno;
_cCORS
856 _uhttps://0u214x73q-y-https-app-vlex-com.itmsp.museknowledge.com/
_zVéase además: Base de datos Vlex
856 _uhttps://legal.legis.com.pe/home/Corporativo
_zVéase además: Base de datos Multilegis
856 _uhttps://0u21bx73t-y-https-palestra-tirantonline-com.itmsp.museknowledge.com/base/per
_zVéase además: Base de datos Tirant Palestra
942 _cLIB
_dJUS
_fMAT
_2ddc
999 _c21705
_d21705